Para comerte mejor /

Guardado en:
Autor Principal: Gudiño Kieffer, Eduardo
Formato: Libro
Publicado: Buenos Aires : Emecé, 1987
Materias:
Etiquetas: Agregar Etiqueta
Sin Etiquetas, Sea el primero en etiquetar este registro!
LEADER 00582nam a22002055a 4500
001 CEM.cems010309
005 20101202103620.0
008 130507s1987##################000#0#####d
003 CEMS
020 |a 9500406187 
082 0 4 |a A863.4 
100 1 |a Gudiño Kieffer, Eduardo 
245 1 0 |a Para comerte mejor /  |c Eduardo Gudiño Kieffer 
260 |a Buenos Aires :  |b Emecé,  |c 1987 
300 |a 239 p. 
653 |a Literatura 
653 |a Literatura argentina-siglo 20 
653 |a Novelas 
653 |a Novela argentina 
859 |a CEMS  |b BIB. CEMS - 11 de abril  |h A863.4  |i G934-1  |p 20871.00  |t Ej.1